000 00457nam a2200121Ia 4500
008 160712s9999 xx 000 0 und d
100 _aZubiri, Louward Allen.
245 _cLouward Allen Zubiri
_aSome Notes and Critiques of Selected Lexicographic Texts in Bikol
260 _c2014
_bSocial Science Diliman
300 _avol. 10 no. 2
650 _xSOCIAL SCIENCE
856 _uhttp://journals.upd.edu.ph/index.php/socialsciencediliman/issue/view/459/showToc
999 _c297230
_d297230